Statistics for 150 or More Tries in New Zealand First Class Rugby

Click here to take the quiz!

General Stats

  • This quiz has been taken 97 times
  • The average score is 5 of 8

Answer Stats

Tries Main Provincial Affiliation Player % Correct
151OtagoJeff Wilson
82%
199AucklandJohn Kirwan
77%
173AucklandDoug Howlett
75%
164Manawatu/WellingtonChristian Cullen
75%
156WellingtonTana Umaga
68%
177AucklandTerry Wright
63%
171WellingtonBernie Fraser
57%
161AucklandZinzan Brooke
45%

Score Distribution

Percentile by Number Answered

Percent of People with Each Score

Your Score History

You have not taken this quiz